| 000 | 00501nam a22001697a 4500 | ||
|---|---|---|---|
| 003 | OSt | ||
| 005 | 20140310182440.0 | ||
| 008 | 130402t xxu||||| |||| 00| 0 eng d | ||
| 020 | _a9789715846196 | ||
| 050 |
_aRC 78 _b.V152 2009 |
||
| 100 |
_aValencia, Jose. _97611 |
||
| 245 |
_aX-ray of adult bones / _cJose S.L. Valencia with foreword by Antonio B. Sison. |
||
| 260 |
_aQuezon City: _bC&E Publishing, Inc., _c2009. |
||
| 300 |
_a187 p. : _c22 cm. _bill. ; |
||
| 942 |
_2lcc _cSSLC |
||
| 999 |
_c13511 _d13511 |
||